[Event "77. ljubljanska liga 2025"]
[Site "Gostovanja"]
[Date "2025.02.06"]
[Round "3.1"]
[White "Brcar, Ales"]
[Black "Srebrnic, Vojko"]
[Result "1/2-1/2"]
[WhiteElo "2199"]
[BlackElo "2072"]
[PlyCount "68"]
[EventDate "2025.01.16"]
[WhiteTeam "SK TREBNJE BMP"]
[BlackTeam "SK LJUBLJANA - TAJFUN"]

1. e4 c5 2. Nf3 Nc6 3. Bb5 g6 4. O-O Bg7 5. Re1 Nf6 6. c3 O-O 7. d4 cxd4 8.
cxd4 d5 9. e5 Ne4 10. Be3 f6 11. Nc3 Nxc3 12. bxc3 Bg4 13. exf6 exf6 14. h3 Bf5
15. Nh4 Be4 16. Bf4 Qd7 17. Nf3 a6 18. Bd3 Bf5 19. Rb1 Bxd3 20. Qxd3 Na5 21.
Nd2 Rfe8 22. Rxe8+ Rxe8 23. c4 f5 24. c5 Nc4 25. Be3 Qf7 26. Nf3 h6 27. Bd2 Re4
28. Bc3 Re7 29. Re1 Rxe1+ 30. Nxe1 Qe6 31. Nc2 Qe4 32. Qd2 Kf7 33. f3 Qe6 34.
Kf1 g5 1/2-1/2

[Event "77. ljubljanska liga 2025"]
[Site "Gostovanja"]
[Date "2025.02.06"]
[Round "3.1"]
[White "Belyaletdinov, Leonard"]
[Black "Furlan, Miha"]
[Result "0-1"]
[WhiteElo "1892"]
[BlackElo "2183"]
[PlyCount "84"]
[EventDate "2025.01.16"]
[WhiteTeam "SK LJUBLJANA - TAJFUN"]
[BlackTeam "SK TREBNJE BMP"]

1. e4 c5 2. Nf3 d6 3. Bb5+ Bd7 4. Bxd7+ Nxd7 5. O-O Ngf6 6. d3 e6 7. Re1 Be7 8.
Nbd2 O-O 9. Nf1 b5 10. Bf4 Qb6 11. h3 Rfd8 12. c3 Rac8 13. Qc2 Nf8 14. Rad1 Ng6
15. Bh2 d5 16. Ne3 dxe4 17. dxe4 c4 18. Nd2 Qc6 19. e5 Nd5 20. Nxd5 Rxd5 21.
Nf3 Rcd8 22. Rxd5 Qxd5 23. Nd4 a6 24. f4 Bc5 25. Rd1 Ne7 26. Bg3 Nf5 27. Bf2
Bxd4 28. cxd4 Rc8 29. Qe2 b4 30. b3 a5 31. g4 Ne7 32. bxc4 Qxc4 33. Qf3 Qxa2
34. f5 Qd5 35. Qf4 b3 36. Be3 Rc2 37. Bd2 Nc6 38. fxe6 fxe6 39. Kh2 Qxd4 40.
Qxd4 Nxd4 41. Kg3 b2 42. Bg5 h6 0-1

[Event "77. ljubljanska liga 2025"]
[Site "Gostovanja"]
[Date "2025.02.06"]
[Round "3.1"]
[White "Dimnik, Miha"]
[Black "Markus, David"]
[Result "1/2-1/2"]
[WhiteElo "1891"]
[BlackElo "1832"]
[PlyCount "61"]
[EventDate "2025.01.16"]
[WhiteTeam "SK TREBNJE BMP"]
[BlackTeam "SK LJUBLJANA - TAJFUN"]

1. e4 c5 2. Nf3 e6 3. c4 Nc6 4. Nc3 d6 5. d4 cxd4 6. Nxd4 Nf6 7. Be2 Be7 8. O-O
O-O 9. b3 d5 10. Nxc6 bxc6 11. e5 Nd7 12. f4 Bc5+ 13. Kh1 Nb6 14. Bf3 Ba6 15.
Qc2 dxc4 16. Rd1 Qc7 17. Ne4 Be7 18. Nd6 Bxd6 19. Rxd6 cxb3 20. axb3 Bb5 21.
Be4 h6 22. Ba3 Rfd8 23. f5 Rxd6 24. Bxd6 Qd7 25. fxe6 Qxe6 26. Bf5 Qe8 27. Qf2
Nc8 28. Bxc8 Qxc8 29. Rxa7 Rxa7 30. Qxa7 Qf5 31. b4 1/2-1/2

[Event "77. ljubljanska liga 2025"]
[Site "Gostovanja"]
[Date "2025.02.06"]
[Round "3.1"]
[White "Kovacic, Jakob"]
[Black "Danicic, Anze"]
[Result "0-1"]
[WhiteElo "1705"]
[BlackElo "1847"]
[PlyCount "102"]
[EventDate "2025.01.16"]
[WhiteTeam "SK LJUBLJANA - TAJFUN"]
[BlackTeam "SK TREBNJE BMP"]

1. e4 e5 2. Nf3 Nc6 3. Bb5 g6 4. c3 Bg7 5. O-O Nf6 6. Re1 O-O 7. d4 exd4 8.
cxd4 d6 9. h3 Bd7 10. Nc3 h6 11. Bf4 a6 12. Bc4 b5 13. Bb3 Na5 14. Bc2 Re8 15.
a3 Bc6 16. Qd2 Kh7 17. Rad1 Qd7 18. b3 Qc8 19. Re2 Nb7 20. Rde1 a5 21. b4 axb4
22. axb4 Nd8 23. d5 Bd7 24. Nd4 Qb7 25. Bd3 Nh5 26. Be3 Nf4 27. Bxf4 Bxd4 28.
Nxb5 Bg7 29. Nc3 Qxb4 30. Rc1 Nb7 31. Be3 Na5 32. Qb2 Reb8 33. Qxb4 Rxb4 34.
Na2 Rb7 35. Rec2 Nb3 36. Rb1 Rab8 37. Ba6 Nd4 38. Bxb7 Nxc2 39. Ba7 Re8 40. Rc1
Ba4 41. f3 Re7 42. Kf2 f5 43. Bc6 Bb3 44. Bb5 fxe4 45. fxe4 Rxe4 46. Bd3 Ra4
47. Bxc2 Rxa2 48. Bb8 Bxc2 49. Bxc7 Be5 50. Ke3 Ra3+ 51. Kd2 Be4 0-1

[Event "77. ljubljanska liga 2025"]
[Site "Gostovanja"]
[Date "2025.02.06"]
[Round "3.2"]
[White "Novakovic, Julian"]
[Black "Ivanec, Dezider"]
[Result "0-1"]
[WhiteElo "1939"]
[BlackElo "2056"]
[PlyCount "72"]
[EventDate "2025.01.16"]
[WhiteTeam "ZELENCI LPP"]
[BlackTeam "DRUSTVO KPSRD KAREL JERAJ"]

1. d4 Nf6 2. c4 g6 3. Nc3 Bg7 4. e4 d6 5. f3 O-O 6. Bg5 Nc6 7. Nge2 a6 8. Qd2
Na5 9. Ng3 c5 10. d5 b5 11. cxb5 axb5 12. Bxb5 Nb3 13. Qd1 Nxa1 14. Qxa1 Ba6
15. Bc6 Rb8 16. a4 Nd7 17. Nb5 Ne5 18. Qd1 Nxc6 19. dxc6 Bxb5 20. axb5 Rxb5 21.
O-O Qc7 22. f4 Rxb2 23. e5 Qxc6 24. Rf3 Rfb8 25. Nf1 dxe5 26. fxe5 Qe6 27. Bf4
Bxe5 28. Re3 Bd4 29. Qxd4 cxd4 30. Rxe6 fxe6 31. Bxb8 Rxb8 32. Kf2 Rb2+ 33. Kf3
e5 34. g3 Kf7 35. h4 Ke6 36. Ke4 Rf2 0-1

[Event "77. ljubljanska liga 2025"]
[Site "Gostovanja"]
[Date "2025.02.06"]
[Round "3.2"]
[White "Stimec, Marjan"]
[Black "Becic, Semso"]
[Result "1-0"]
[WhiteElo "1853"]
[BlackElo "1756"]
[PlyCount "105"]
[EventDate "2025.01.16"]
[WhiteTeam "DRUSTVO KPSRD KAREL JERAJ"]
[BlackTeam "ZELENCI LPP"]

1. d4 d5 2. Nf3 Nc6 3. e3 Bg4 4. Be2 Nf6 5. O-O e6 6. b3 Ne4 7. Bb2 Bd6 8. Nbd2
O-O 9. Nxe4 dxe4 10. Ne5 Bxe2 11. Qxe2 Qh4 12. g3 Qe7 13. Nxc6 bxc6 14. Qc4 h5
15. Qxc6 f5 16. c4 Qe8 17. Qa6 Qg6 18. c5 Be7 19. Rfe1 h4 20. Qe2 Kf7 21. Kg2
Rh8 22. Rh1 c6 23. Rag1 e5 24. Kf1 Qg4 25. Qxg4 fxg4 26. dxe5 Bxc5 27. Ke2 Rad8
28. Rd1 hxg3 29. hxg3 Rxh1 30. Rxh1 Bb4 31. Bc1 Ke6 32. Rh4 Kf5 33. Rh7 Kg6 34.
Rh4 Kf5 35. a3 Bc3 36. e6 Bf6 37. Rh5+ Kxe6 38. Rc5 Kd6 39. Ra5 Rd7 40. Bd2 Bd8
41. Rf5 g5 42. Bc3 Kc7 43. Ba5+ Kb7 44. Bxd8 Rxd8 45. Rxg5 Rd3 46. Rxg4 Rxb3
47. Rxe4 Rxa3 48. g4 c5 49. g5 Ra6 50. f4 Rg6 51. Kd3 Kc6 52. Kc4 Kb6 53. Re5
1-0

[Event "77. ljubljanska liga 2025"]
[Site "Gostovanja"]
[Date "2025.02.06"]
[Round "3.2"]
[White "Novakovic, Gosto"]
[Black "Kutin, Dusan"]
[Result "1-0"]
[WhiteElo "1819"]
[BlackElo "1798"]
[PlyCount "45"]
[EventDate "2025.01.16"]
[WhiteTeam "ZELENCI LPP"]
[BlackTeam "DRUSTVO KPSRD KAREL JERAJ"]

1. e4 e5 2. f4 d6 3. Nf3 Nd7 4. Bc4 h6 5. O-O Ngf6 6. Nc3 Be7 7. d4 O-O 8. fxe5
dxe5 9. dxe5 Bc5+ 10. Kh1 Ng4 11. e6 Nf2+ 12. Rxf2 Bxf2 13. exd7 Qxd7 14. Qxd7
Bxd7 15. Nd5 Bb6 16. Bf4 c6 17. Ne7+ Kh7 18. Bd6 Be6 19. Bd3 g6 20. e5 Rfe8 21.
Nh4 Rxe7 22. Bxe7 Bd4 23. Bf6 1-0

[Event "77. ljubljanska liga 2025"]
[Site "Gostovanja"]
[Date "2025.02.06"]
[Round "3.2"]
[White "Vertacnik, Viktor"]
[Black "Levacic, Matic"]
[Result "0-1"]
[WhiteElo "1723"]
[BlackElo "1666"]
[PlyCount "52"]
[EventDate "2025.01.16"]
[WhiteTeam "DRUSTVO KPSRD KAREL JERAJ"]
[BlackTeam "ZELENCI LPP"]

1. e4 e6 2. d4 d5 3. e5 c5 4. c3 Nc6 5. Nf3 Qb6 6. a3 a5 7. Bd3 Bd7 8. Bc2 Be7
9. O-O f6 10. Re1 fxe5 11. Nxe5 Nxe5 12. Rxe5 Nf6 13. Bg5 Qxb2 14. Nd2 Qxc3 15.
Nf3 cxd4 16. Nxd4 Rc8 17. Re3 Qc7 18. Ba4 O-O 19. Nxe6 Bxe6 20. Rxe6 h6 21. Bh4
d4 22. Bb3 Kh8 23. Qxd4 Rfd8 24. Qe3 Ng4 25. Rxe7 Qxh2+ 26. Kf1 Nxe3+ 0-1

[Event "77. ljubljanska liga 2025"]
[Site "Gostovanja"]
[Date "2025.02.06"]
[Round "3.3"]
[White "Zidar, Jernej"]
[Black "Coklin, Marko"]
[Result "0-1"]
[WhiteElo "2091"]
[BlackElo "2054"]
[PlyCount "86"]
[EventDate "2025.01.16"]
[WhiteTeam "SK KOMENDA POPOTNIK"]
[BlackTeam "SK TRZIN BUSCOTRADE"]

1. d4 Nf6 2. c4 e6 3. g3 c5 4. d5 exd5 5. cxd5 d6 6. Nc3 g6 7. Nf3 Bg7 8. Bg2
O-O 9. O-O a6 10. a4 Re8 11. Nd2 Nbd7 12. h3 Rb8 13. a5 b5 14. axb6 Nxb6 15. e4
Nfd7 16. f4 f5 17. Re1 Nf6 18. Kh2 Bb7 19. exf5 gxf5 20. Rxe8+ Qxe8 21. Qb3 Qd8
22. Nc4 Nxc4 23. Qxc4 Bc8 24. Rb1 Rb4 25. Qe2 Qe8 26. Bd2 Qxe2 27. Nxe2 Rb3 28.
Nc1 Rb6 29. Ba5 Rb5 30. Bc3 Ne4 31. Bxg7 Kxg7 32. Bxe4 fxe4 33. Ne2 Bb7 34. Nc3
Rb4 35. g4 Rd4 36. Ra1 Kf6 37. Kg3 Bxd5 38. Rxa6 Ke6 39. Na4 Bc4 40. Ra7 e3 41.
f5+ Kf6 42. Nc3 e2 43. Kf2 Rf4+ 0-1

[Event "77. ljubljanska liga 2025"]
[Site "Gostovanja"]
[Date "2025.02.06"]
[Round "3.3"]
[White "Lah, Emil"]
[Black "Ogradi, Gregor"]
[Result "1-0"]
[WhiteElo "1954"]
[BlackElo "1976"]
[PlyCount "65"]
[EventDate "2025.01.16"]
[WhiteTeam "SK TRZIN BUSCOTRADE"]
[BlackTeam "SK KOMENDA POPOTNIK"]

1. e4 e5 2. Nf3 Nc6 3. Bc4 Bc5 4. O-O Nf6 5. d3 h6 6. c3 a6 7. d4 Bd6 8. Bd5
Qe7 9. Re1 O-O 10. Bxc6 dxc6 11. dxe5 Bxe5 12. Nxe5 Qxe5 13. f4 Qe7 14. e5 Rd8
15. Qe2 Nd5 16. Na3 Bf5 17. Nc2 Bxc2 18. Qxc2 Qc5+ 19. Qf2 Qxf2+ 20. Kxf2 a5
21. Be3 a4 22. a3 h5 23. Rad1 Ne7 24. g3 b6 25. Kf3 Kf8 26. h3 Ke8 27. g4 Rxd1
28. Rxd1 hxg4+ 29. hxg4 Ra5 30. Rh1 g5 31. f5 Rxe5 32. Bxg5 Rb5 33. Re1 1-0

[Event "77. ljubljanska liga 2025"]
[Site "Gostovanja"]
[Date "2025.02.06"]
[Round "3.3"]
[White "Perme, Martin"]
[Black "Krupenko, Peter"]
[Result "0-1"]
[WhiteElo "1807"]
[BlackElo "1978"]
[PlyCount "112"]
[EventDate "2025.01.16"]
[WhiteTeam "SK KOMENDA POPOTNIK"]
[BlackTeam "SK TRZIN BUSCOTRADE"]

1. e4 e5 2. f4 exf4 3. Nf3 d6 4. d4 Nf6 5. Nc3 Be7 6. Bxf4 O-O 7. Qd2 Bg4 8.
O-O-O Nh5 9. Be3 Nf6 10. h3 Bh5 11. Bd3 Bg6 12. g4 d5 13. Ng5 dxe4 14. Ngxe4
Nd5 15. Nxd5 Qxd5 16. Nc3 Qd7 17. Bc4 Nc6 18. Rdg1 Bh4 19. g5 Bh5 20. Ne2 Bf3
21. Rh2 Ne7 22. Rf1 Bd5 23. Qd3 Ng6 24. Bxd5 Qxd5 25. Kb1 Rae8 26. Nc3 Qe6 27.
Bc1 c6 28. Re2 Qd7 29. Ne4 b6 30. c3 Re7 31. Rg1 Rfe8 32. Rg4 Ne5 33. Nf6+ gxf6
34. gxf6+ Nxg4 35. Rxe7 Rxe7 36. fxe7 Nf2 37. Qf3 Qxe7 38. Qxc6 Qe4+ 39. Qxe4
Nxe4 40. Kc2 Nf2 41. Bf4 Bd8 42. h4 Bxh4 43. Bb8 a6 44. a4 Bd8 45. d5 Kf8 46.
c4 Ke7 47. a5 bxa5 48. c5 Kd7 49. c6+ Kc8 50. Bh2 Bb6 51. d6 Ne4 52. Kd3 f5 53.
Kc4 h5 54. Kd5 h4 55. Bf4 Nxd6 56. Bxd6 Bc7 0-1

[Event "77. ljubljanska liga 2025"]
[Site "Gostovanja"]
[Date "2025.02.06"]
[Round "3.4"]
[White "Okorn, Nejc"]
[Black "Sajovic, Marko"]
[Result "1-0"]
[WhiteElo "1905"]
[BlackElo "2054"]
[PlyCount "69"]
[EventDate "2025.01.16"]
[WhiteTeam "SD VRHNIKA"]
[BlackTeam "SK MEDVODE"]

1. e4 d5 2. exd5 Qxd5 3. Nc3 Qd6 4. Bc4 Nf6 5. d4 c6 6. Nge2 Bg4 7. a3 b5 8.
Ba2 a5 9. f3 Bf5 10. Ng3 Bg6 11. Nce4 Qc7 12. Nxf6+ gxf6 13. f4 e6 14. f5 exf5
15. Qf3 Nd7 16. Nxf5 O-O-O 17. O-O Bd6 18. Nxd6+ Qxd6 19. c3 f5 20. Bf4 Qf6 21.
Bg5 Qd6 22. Bxd8 Rxd8 23. Bb1 Kb7 24. Bd3 Nf6 25. Bxf5 Bh5 26. Qf2 Rg8 27. Rae1
Nd5 28. Be4 Nc7 29. Qh4 Bg6 30. Rf6 Ne6 31. Bxg6 Rxg6 32. Rxf7+ Kb6 33. Qxh7
Rxg2+ 34. Kxg2 Nf4+ 35. Kf1 1-0

[Event "77. ljubljanska liga 2025"]
[Site "Gostovanja"]
[Date "2025.02.06"]
[Round "3.4"]
[White "Porenta, Matija"]
[Black "Vodnik, Val"]
[Result "1/2-1/2"]
[WhiteElo "1841"]
[BlackElo "1864"]
[PlyCount "116"]
[EventDate "2025.01.16"]
[WhiteTeam "SK MEDVODE"]
[BlackTeam "SD VRHNIKA"]

1. e4 e5 2. Nf3 Nc6 3. Bb5 a6 4. Ba4 Nge7 5. d3 g6 6. Nc3 Bg7 7. Bb3 Na5 8. Be3
Nxb3 9. axb3 d6 10. h3 c5 11. g4 b6 12. Qe2 Bb7 13. Rg1 h6 14. Nd2 g5 15. Nf1
Qc7 16. Ng3 Bc8 17. Nh5 Rg8 18. Qf3 Ng6 19. Nxg7+ Rxg7 20. Qf6 Rg8 21. Nd5 Qc6
22. h4 gxh4 23. Bxh6 Be6 24. c4 Bxd5 25. exd5 Qd7 26. f4 Qe7 27. Qxe7+ Kxe7 28.
f5 Nf8 29. Bxf8+ Rgxf8 30. g5 a5 31. Kf2 b5 32. Kf3 bxc4 33. dxc4 Rfb8 34. Ra3
Rg8 35. Kg4 f6 36. g6 Rh8 37. Kh3 Rh5 38. Rg4 Kf8 39. Rxh4 Rxh4+ 40. Kxh4 Kg7
41. Kh5 Ra7 42. Ra1 Ra6 43. Rh1 Ra8 44. Kg4 Rh8 45. Ra1 Ra8 46. b4 cxb4 47. Rh1
a4 48. Rh7+ Kg8 49. Rb7 a3 50. bxa3 bxa3 51. Rb1 a2 52. Ra1 Kg7 53. Kf3 Kh6 54.
Ke4 Kg5 55. Rg1+ Kh6 56. Rh1+ Kg7 57. Ra1 Kh6 58. Rh1+ Kg7 1/2-1/2

[Event "77. ljubljanska liga 2025"]
[Site "Gostovanja"]
[Date "2025.02.06"]
[Round "3.4"]
[White "Omahen, Gasper"]
[Black "Arcon, Roman"]
[Result "1-0"]
[WhiteElo "1930"]
[BlackElo "1706"]
[PlyCount "59"]
[EventDate "2025.01.16"]
[WhiteTeam "SD VRHNIKA"]
[BlackTeam "SK MEDVODE"]

1. e4 d5 2. exd5 Qxd5 3. Nc3 Qa5 4. d4 c6 5. Bc4 Nf6 6. Bd2 Qc7 7. Nf3 Bg4 8.
h3 Bh5 9. g4 Bg6 10. Ne5 Nbd7 11. Bf4 Qa5 12. Nxg6 hxg6 13. Qf3 g5 14. Bh2 e6
15. O-O-O Bb4 16. Ne4 Nxe4 17. Qxe4 Rxh3 18. Qg2 Rh6 19. Bg3 O-O-O 20. Qf3 Rf6
21. Qe3 Nb6 22. Bb3 Nd5 23. Qxg5 Rxf2 24. Qh4 Bd2+ 25. Kb1 Rf3 26. Bxd5 cxd5
27. Rhf1 Rxf1 28. Rxf1 Qb5 29. Rxf7 Qb4 30. Rc7+ 1-0

[Event "77. ljubljanska liga 2025"]
[Site "Gostovanja"]
[Date "2025.02.06"]
[Round "3.4"]
[White "Krupenko, Andrej"]
[Black "Redek, Leon"]
[Result "0-1"]
[WhiteElo "1544"]
[BlackElo "1696"]
[PlyCount "80"]
[EventDate "2025.01.16"]
[WhiteTeam "SK MEDVODE"]
[BlackTeam "SD VRHNIKA"]

1. d4 d5 2. c4 e6 3. Nc3 Nf6 4. e3 Be7 5. Nf3 O-O 6. Be2 b6 7. O-O Bb7 8. b3
Nbd7 9. Bb2 c5 10. Rc1 Rc8 11. cxd5 Nxd5 12. Nxd5 Bxd5 13. Nd2 cxd4 14. Rxc8
Qxc8 15. Bxd4 Bf6 16. Bxf6 Nxf6 17. Bf3 Qc5 18. e4 Bb7 19. Re1 Rd8 20. Qe2 Qc2
21. Nc4 Qxe2 22. Bxe2 Bxe4 23. Rc1 h6 24. h3 Rd4 25. f3 Bd5 26. Rc2 g5 27. Kf2
Bxc4 28. Bxc4 Kg7 29. g3 Nd5 30. Bxd5 Rxd5 31. Ke3 Kf6 32. Rc4 Rc5 33. Kd4 e5+
34. Ke4 Rxc4+ 35. bxc4 Ke6 36. Kd3 f5 37. Kc3 Kd6 38. a4 Kc5 39. g4 fxg4 40.
hxg4 a6 0-1

[Event "77. ljubljanska liga 2025"]
[Site "Gostovanja"]
[Date "2025.02.06"]
[Round "3.5"]
[White "Kampus, Andrej"]
[Black "Skok, Joze"]
[Result "1-0"]
[WhiteElo "2063"]
[BlackElo "1947"]
[PlyCount "57"]
[EventDate "2025.01.16"]
[WhiteTeam "SK DOL PRI LJUBLJANI"]
[BlackTeam "SD DOMZALE"]

1. e4 e6 2. d4 d5 3. e5 c5 4. c3 Nc6 5. Nf3 Qb6 6. a3 a5 7. Bd3 Bd7 8. dxc5
Bxc5 9. O-O Nge7 10. Qe2 Ng6 11. h4 Qc7 12. Re1 O-O 13. h5 Nge7 14. h6 g6 15.
Bg5 Nc8 16. Bf6 Be7 17. Bg7 Re8 18. Qd2 Bf8 19. Bf6 Be7 20. Qf4 Qd8 21. Bg7 Qc7
22. g3 Qd8 23. Nbd2 N8a7 24. Nf1 b5 25. N1h2 Rb8 26. Ng4 g5 27. Qd2 f5 28. exf6
e5 29. Nxg5 1-0

[Event "77. ljubljanska liga 2025"]
[Site "Gostovanja"]
[Date "2025.02.06"]
[Round "3.5"]
[White "Groselj, Petra"]
[Black "Azinovic, Igor"]
[Result "1-0"]
[WhiteElo "1944"]
[BlackElo "1810"]
[PlyCount "113"]
[EventDate "2025.01.16"]
[WhiteTeam "SD DOMZALE"]
[BlackTeam "SK DOL PRI LJUBLJANI"]

1. e4 c5 2. Nf3 d6 3. d4 cxd4 4. Nxd4 Nf6 5. Nc3 Nc6 6. Bc4 e6 7. Bb3 Bd7 8.
O-O Be7 9. Ndb5 Qb8 10. Bg5 a6 11. Bxf6 gxf6 12. Nd4 Qa7 13. Nce2 Rg8 14. Kh1
Qc5 15. f4 Na5 16. Nc3 Nc6 17. Nf3 Qh5 18. Qd2 O-O-O 19. Rad1 Rg4 20. Rf2 Qh6
21. f5 Qxd2 22. Rdxd2 Na5 23. h3 Nxb3 24. axb3 Rg3 25. Nd4 Rdg8 26. Nde2 R3g5
27. Nd4 b5 28. b4 Kc7 29. Nd1 e5 30. Ne2 Bc6 31. Nec3 Bf8 32. Ne3 Bg7 33. Ned5+
Kd7 34. Rf1 Rb8 35. Rfd1 Rd8 36. Kg1 Bh8 37. Kf2 Rgg8 38. Kf3 Rge8 39. Nxf6+
Bxf6 40. Rxd6+ Ke7 41. Rxc6 Rxd1 42. Nxd1 Ra8 43. Ne3 Bg5 44. Nd5+ Kf8 45. Kg4
Bc1 46. b3 Bd2 47. f6 h6 48. Kf5 a5 49. bxa5 Bxa5 50. Kxe5 Bd2 51. Rb6 Re8+ 52.
Kf5 b4 53. Nxb4 Bc3 54. Nd5 Bd4 55. Rb7 Re5+ 56. Kf4 Re8 57. c4 1-0

[Event "77. ljubljanska liga 2025"]
[Site "Gostovanja"]
[Date "2025.02.06"]
[Round "3.5"]
[White "Kosem, Rok"]
[Black "Cesnik, Sebastjan"]
[Result "1-0"]
[WhiteElo "1759"]
[BlackElo "1682"]
[PlyCount "103"]
[EventDate "2025.01.16"]
[WhiteTeam "SK DOL PRI LJUBLJANI"]
[BlackTeam "SD DOMZALE"]

1. c4 d6 2. Nc3 Bd7 3. g3 c5 4. Bg2 Nc6 5. Nf3 g6 6. Rb1 Bg7 7. a3 Rb8 8. b4 b6
9. Qc2 Nf6 10. O-O O-O 11. h3 Qc8 12. Kh2 a6 13. d3 cxb4 14. axb4 b5 15. cxb5
axb5 16. Be3 e6 17. Qd2 Nh5 18. g4 Nf6 19. Rfc1 Qc7 20. Bh6 d5+ 21. Kh1 Qb6 22.
e4 d4 23. Ne2 e5 24. Qg5 Rfe8 25. Ng3 Ra8 26. Bxg7 Kxg7 27. Nf5+ Bxf5 28. gxf5
Nh5 29. Rg1 Qd8 30. Qd2 Ra4 31. Rgc1 Qd6 32. Rc5 Nxb4 33. Rxb5 Nc6 34. Rb6 Rea8
35. Qc1 R4a6 36. Nxe5 Rxb6 37. Rxb6 Qxe5 38. Rxc6 Ra2 39. f6+ Nxf6 40. f4 Qa5
41. Kh2 Ra1 42. Qb2 Ra4 43. Rd6 Qa7 44. Rb6 Nh5 45. Rb7 Ra2 46. Qb3 Qxb7 47.
Qxb7 Nxf4 48. Kg3 Nxg2 49. e5 Ne3 50. e6 Nf5+ 51. Kf3 Kh6 52. e7 1-0

[Event "77. ljubljanska liga 2025"]
[Site "Gostovanja"]
[Date "2025.02.06"]
[Round "3.5"]
[White "Groselj, Mirjam"]
[Black "Repe, Jure"]
[Result "0-1"]
[WhiteElo "1413"]
[BlackElo "1749"]
[PlyCount "112"]
[EventDate "2025.01.16"]
[WhiteTeam "SD DOMZALE"]
[BlackTeam "SK DOL PRI LJUBLJANI"]

1. e4 c5 2. Nf3 Nc6 3. d4 cxd4 4. Nxd4 Nf6 5. Nc3 e5 6. Nf3 Bb4 7. Bd3 d5 8.
exd5 Nxd5 9. Bd2 Nxc3 10. Bxc3 Bxc3+ 11. bxc3 O-O 12. O-O Re8 13. Re1 a6 14.
Qe2 Bg4 15. h3 Bh5 16. Rad1 Qf6 17. Qe4 Bg6 18. Qg4 Re7 19. Be4 Bxe4 20. Qxe4
Rae8 21. Rd2 h6 22. Rde2 Qe6 23. Ra1 f6 24. Rd2 f5 25. Qd5 Qxd5 26. Rxd5 Kf7
27. Rd6 Re6 28. Rd7+ R8e7 29. Rxe7+ Rxe7 30. Rd1 Ke6 31. Kf1 Rc7 32. Re1 e4 33.
Re2 Ne5 34. Nd4+ Kf6 35. Re3 Nc4 36. Re2 Nb2 37. f3 exf3 38. gxf3 Nd1 39. Re6+
Kf7 40. Re1 Nxc3 41. Nxf5 Nxa2 42. Re2 Nb4 43. Nd4 Nc6 44. Nxc6 Rxc6 45. Ke1
Re6 46. Rxe6 Kxe6 47. Kd2 Kf5 48. c4 Kf4 49. Kc3 Kxf3 50. Kb4 b6 51. Kc3 g5 52.
Kd4 h5 53. Kd5 g4 54. Kc6 g3 55. Kxb6 g2 56. c5 g1=Q 0-1

[Event "77. ljubljanska liga 2025"]
[Site "Gostovanja"]
[Date "2025.02.06"]
[Round "3.6"]
[White "Babarovic, Fran"]
[Black "Bohorc, Edo"]
[Result "0-1"]
[WhiteElo "1788"]
[BlackElo "2009"]
[PlyCount "79"]
[EventDate "2025.01.16"]
[WhiteTeam "SK KOMENDA POGI"]
[BlackTeam "SD CRNI GRABEN"]

1. e4 e6 2. d4 d5 3. Nc3 dxe4 4. Nxe4 Nd7 5. Nf3 Be7 6. c3 Ngf6 7. Nxf6+ Nxf6
8. Bd3 O-O 9. O-O b6 10. Ne5 Bb7 11. Be2 c5 12. Bf3 Qc7 13. Bxb7 Qxb7 14. Qf3
Qxf3 15. Nxf3 Rac8 16. dxc5 Bxc5 17. Bf4 Rfd8 18. Rad1 h6 19. Ne5 Ne4 20. Be3
f6 21. Rxd8+ Rxd8 22. Bxc5 Nxc5 23. Nc4 Na4 24. Re1 Kf7 25. Kf1 b5 26. Na3 a6
27. Rb1 Rd2 28. c4 b4 29. Ke1 Rxb2 30. Rxb2 Nxb2 31. Nc2 a5 32. Ne3 Ke7 33. Kd2
Kd6 34. Kc2 Na4 35. f4 Nb6 36. Kb3 Kc5 37. g4 a4+ 38. Kc2 Nxc4 39. Ng2 Kd4 40.
h4 0-1

[Event "77. ljubljanska liga 2025"]
[Site "Gostovanja"]
[Date "2025.02.06"]
[Round "3.6"]
[White "Osolin, Bogdan"]
[Black "Macek, Inti"]
[Result "1/2-1/2"]
[WhiteElo "1918"]
[BlackElo "1697"]
[PlyCount "54"]
[EventDate "2025.01.16"]
[WhiteTeam "SD CRNI GRABEN"]
[BlackTeam "SK KOMENDA POGI"]

1. e4 e5 2. Nf3 Nc6 3. Bb5 g6 4. c3 Nge7 5. O-O Bg7 6. d4 exd4 7. cxd4 a6 8.
Be2 d6 9. Nc3 O-O 10. Be3 d5 11. exd5 Nxd5 12. Nxd5 Qxd5 13. b3 Bf5 14. Qd2 Kh8
15. Rac1 Rad8 16. Rfd1 Be4 17. Bh6 Bxf3 18. Bxg7+ Kxg7 19. Bxf3 Qxd4 20. Qg5
Qe5 21. Qxe5+ Nxe5 22. Bxb7 Rxd1+ 23. Rxd1 Rb8 24. f4 Rxb7 25. fxe5 Rb5 26. Rd7
Rxe5 27. Rxc7 Re2 1/2-1/2

[Event "77. ljubljanska liga 2025"]
[Site "Gostovanja"]
[Date "2025.02.06"]
[Round "3.6"]
[White "Hribar, Izak"]
[Black "Majcen, Zoran"]
[Result "0-1"]
[WhiteElo "1761"]
[BlackElo "1889"]
[PlyCount "67"]
[EventDate "2025.01.16"]
[WhiteTeam "SK KOMENDA POGI"]
[BlackTeam "SD CRNI GRABEN"]

1. e4 e6 2. d4 d5 3. exd5 exd5 4. Nf3 Bd6 5. Be3 Ne7 6. Nbd2 Bg4 7. c3 c6 8.
Qc2 Qc7 9. h3 Bf5 10. Bd3 Bxd3 11. Qxd3 Nd7 12. Nb3 b6 13. Bd2 f6 14. Nh4 O-O
15. O-O-O a5 16. a3 a4 17. Na1 c5 18. Be3 cxd4 19. Bxd4 Ne5 20. Bxe5 Bxe5 21.
Kd2 Rfe8 22. Nf3 Bf4+ 23. Ke1 Rad8 24. Kf1 Ng6 25. g3 Bxg3 26. fxg3 Qxg3 27.
Ne1 Re6 28. Qd2 Re4 29. Qg2 Rf4+ 30. Nf3 Rxf3+ 31. Kg1 Qf4 32. Rf1 Qe3+ 33. Kh2
Qe5+ 34. Kg1 0-1

[Event "77. ljubljanska liga 2025"]
[Site "Gostovanja"]
[Date "2025.02.06"]
[Round "3.6"]
[White "Arlic, Nejc"]
[Black "Perme, Stanko"]
[Result "1-0"]
[WhiteElo "1871"]
[BlackElo "1488"]
[PlyCount "53"]
[EventDate "2025.01.16"]
[WhiteTeam "SD CRNI GRABEN"]
[BlackTeam "SK KOMENDA POGI"]

1. e4 e5 2. Nf3 Nc6 3. Bc4 Bc5 4. O-O Nf6 5. d3 h6 6. c3 O-O 7. b4 Bb6 8. a4 a6
9. Be3 d6 10. Bxb6 cxb6 11. Nbd2 Bg4 12. h3 Bh5 13. Ba2 d5 14. Qc2 Rc8 15. Qb2
dxe4 16. dxe4 Bxf3 17. Nxf3 Nh5 18. b5 axb5 19. axb5 Na5 20. Nxe5 Nf4 21. Nf3
Qf6 22. Qd2 Rxc3 23. e5 Qf5 24. Bb1 Nxh3+ 25. Kh1 Qh5 26. Qxc3 Nf4+ 27. Nh2 1-0

[Event "77. ljubljanska liga 2025"]
[Site "Gostovanja"]
[Date "2025.02.06"]
[Round "3.7"]
[White "Jazbec, Hinko"]
[Black "Veskovic, Dzemal"]
[Result "1-0"]
[WhiteElo "1957"]
[BlackElo "1876"]
[PlyCount "82"]
[EventDate "2025.01.16"]
[WhiteTeam "SK RUDAR TRBOVLJE"]
[BlackTeam "SD MENGES - TRZIN"]

1. e4 e6 2. d4 d6 3. g3 Be7 4. Bg2 Nd7 5. f4 c6 6. Nf3 c5 7. c3 Ngf6 8. e5 Ng8
9. d5 exd5 10. Qxd5 dxe5 11. fxe5 Nb6 12. Qxd8+ Bxd8 13. O-O Ne7 14. Be3 Nd7
15. e6 fxe6 16. Ng5 Nf5 17. Bd2 Nf6 18. Re1 O-O 19. Nxe6 Bxe6 20. Rxe6 Bb6 21.
Bxb7 Rfe8 22. Rxe8+ Rxe8 23. c4 Nd4 24. Nc3 Ba5 25. Re1 Rb8 26. Re7 Bd8 27. Bf4
Bxe7 28. Bxb8 Nd7 29. Bxa7 Ne5 30. Ne4 Kf8 31. Bd5 Nd7 32. b4 Ne2+ 33. Kf2 Nc1
34. b5 Nxa2 35. Be6 Ke8 36. Bxd7+ Kxd7 37. Bxc5 Bd8 38. Be3 g6 39. Ke2 h5 40.
Kd3 Ba5 41. c5 Bb4 {nejasno (47)} 1-0

[Event "77. ljubljanska liga 2025"]
[Site "Gostovanja"]
[Date "2025.02.06"]
[Round "3.7"]
[White "Jukan, Nesib"]
[Black "Novak, Andrej"]
[Result "1/2-1/2"]
[WhiteElo "1925"]
[BlackElo "1824"]
[PlyCount "96"]
[EventDate "2025.01.16"]
[WhiteTeam "SD MENGES - TRZIN"]
[BlackTeam "SK RUDAR TRBOVLJE"]

1. d4 e6 2. Nf3 b6 3. Nbd2 Bb7 4. e3 Nf6 5. Bd3 d6 6. O-O Nbd7 7. b3 g6 8. c4
Bg7 9. Qc2 O-O 10. Bb2 Qe7 11. Rfe1 e5 12. e4 c5 13. dxe5 dxe5 14. Nf1 Rfe8 15.
Ne3 Rad8 16. Nd5 Bxd5 17. exd5 Qd6 18. Ng5 Nf8 19. Ne4 Nxe4 20. Bxe4 f5 21. Bd3
e4 22. Bxg7 Kxg7 23. Qc3+ Qf6 24. Qxf6+ Kxf6 25. Bc2 Nd7 26. Re3 Re5 27. Rae1
Rde8 28. g3 g5 29. a3 h6 30. b4 R5e7 31. Ba4 Rd8 32. Bxd7 Rdxd7 33. bxc5 bxc5
34. g4 Ke5 35. gxf5 Kxf5 36. f3 Kf4 37. Kf2 Rb7 38. Rxe4+ Rxe4 39. Rxe4+ Kf5
40. Re3 h5 41. Re8 h4 42. Rc8 Rb2+ 43. Kg1 Kf4 44. Rf8+ Ke3 45. Re8+ Kxf3 46.
Re1 Rg2+ 47. Kh1 Rd2 48. Rg1 Rg2 1/2-1/2